01984 a2200229 4500003000500000005001700005010001600022020001500038040000900053082001400062100003200076245010600108260003500214300003000249505114700279650002401426700002901450942001201479999001901491952012201510952012201632Nust20230718110220.0 a 70038135 a007022157X cNust00a604.2,FRE1 aFrench, Thomas Ewing,9351510aA Manual of Engineering drawing :bfor Student and Draftsmen /cThomas E. French & Charles J. Vierck. aNew York,bMcGraw Hillc[1953] ax, 715 p.billus.c25 cm. aIntroductory (Page-1), Lettering (Page-5), The Selection of Instrument (Page-29), The use of Instruments (Page-42), Applied Geometry (Page-67), Orthographic Projection (Page-97), Orthographic Reading (Page-115), Orthographic Freehand Drawing (Page-130), Orthographic Instrument Drawing (Page-142), Auxiliary Views (Page-169), Oblique Views (Page-189), Rotation (Page-198), Section and Conventions (Page-210), Intersections (Page-238), Developments (Page-249), Pictorial Drawing (Page-265), Perspective Drawing (Page-295), Pictorial Sketching (Page-309), The Drawing and the Shop (Page-317), Dimensions and Notes (Page-332), Precision and Limit Dimensioning (Page-363), Screw Threads (Page-392), Threaded Fasteners (Page-410), Keys, Rivets and Springs (Page-426), Piping Drawing (Page-434), Welding Drawing (Page-444), Gears and Cams (Page-464), Working Drawings (Page-481), Jigs Ad Fixture (Page-541), The Elements of Structure Drawing (Page-553), The Elements of Architecture Drawing (Page-569), Map and Topographic Drawing (Page-587), Charts, Graphs Ad Diagrams (Page-606), Illustration(Page-620), Notes on Commercial Practice (Page-634). 0aMechanical drawing.1 aVierck, Charles J.93516 2ddccBK c182816d182816 00102ddc4070aMCSbMCScGENd2016-12-12o604.2,FREpMCS5673r2016-12-08w2016-12-12yBKzAlmirah No.88, Shelf No.1 00102ddc4070aMCSbMCScGENd2016-12-12o604.2,FREpMCS6005r2016-12-08w2016-12-12yBKzAlmirah No.26, Shelf No.1